00353nam a2200157Ia 45000010006000000050017000060080041000230410008000640820013000721000032000852450026001172600009001433000027001526500008001796540008001871947520260306172656.0260306t2008||||xx |||||||||||||| ||spa|| aESP a340bA59 aAndía Chávez, JuaneAUT 0aLa crisis del derecho c2008 a73 páginas :c21 cm. aGEN aCDE